UM Logo

Students Exposure To The English Language And The Grammatical Competence of the Grade 10 Students in Digos City National High School. (Record no. 6362)

MARC details
000 -LEADER
fixed length control field 00650nam a22001577a 4500
008 - FIXED-LENGTH DATA ELEMENTS--GENERAL INFORMATION
fixed length control field 170308b xxu||||| |||| 00| 0 eng d
082 ## - DEWEY DECIMAL CLASSIFICATION NUMBER
Edition number 2016
Classification number UT 0724
Item number P19
100 ## - MAIN ENTRY--PERSONAL NAME
9 (RLIN) 19128
Personal name Pan, Mia Cristialen D.
245 ## - TITLE STATEMENT
Title Students Exposure To The English Language And The Grammatical Competence of the Grade 10 Students in Digos City National High School.
Statement of responsibility, etc. Mia Cristialen D. Pan, Hanah R. Mocoy and Kristal Marollano.
300 ## - PHYSICAL DESCRIPTION
Extent 65 pages;
Other physical details 28 cm.
650 #0 - SUBJECT ADDED ENTRY--TOPICAL TERM
9 (RLIN) 19129
Topical term or geographic name as entry element Education
Form subdivision English
General subdivision Undergraduate Thesis.
700 ## - ADDED ENTRY--PERSONAL NAME
9 (RLIN) 19130
Personal name Pan, Mia Cristialen D.
700 ## - ADDED ENTRY--PERSONAL NAME
9 (RLIN) 19131
Personal name Mocoy, Hanah R.
700 ## - ADDED ENTRY--PERSONAL NAME
9 (RLIN) 19132
Personal name Marollano, Kristal.
942 ## - ADDED ENTRY ELEMENTS (KOHA)
Source of classification or shelving scheme Dewey Decimal Classification
Koha item type Undergraduate Thesis
Holdings
Withdrawn status Lost status Source of classification or shelving scheme Damaged status Not for loan Home library Current library Date acquired Total Checkouts Full call number Barcode Date last seen Price effective from Koha item type
    Dewey Decimal Classification     UM Digos College - LIC UM Digos College - LIC 11/07/2016   UT 0724 P19 2016 UT0724 03/08/2017 03/08/2017 Undergraduate Thesis